Mecánica de los fluídos / (Record no. 148459)

MARC details
000 -LEADER
campo de control de longitud fija 00783nam a2200217 i 4500
001 - NÚMERO DE CONTROL
campo de control 148459
003 - IDENTIFICADOR DE NÚMERO DE CONTROL
campo de control ES-MaACL
005 - FECHA Y HORA DE LA ÚLTIMA TRANSACCIÓN
campo de control 20250729050628.0
007 - CAMPO FIJO DE DESCRIPCIÓN FÍSICA--INFORMACIÓN GENERAL
campo de control de longitud fija t|
008 - DATOS DE LONGITUD FIJA--INFORMACIÓN GENERAL
campo de control de longitud fija 070214s1963 sp r ||||1| spa d
100 1# - ENTRADA PRINCIPAL--NOMBRE DE PERSONA
Nombre de persona Streeter, Victor L.
9 (RLIN) 108417
245 10 - MENCIÓN DEL TÍTULO
Título Mecánica de los fluídos /
Mención de responsabilidad, etc. Victor L. Streeter ; traducido y revisado por José Seijas Domínguez ; con la colaboración de: F. Díaz de la Cruz Cuesta.
250 ## - MENCION DE EDICION
Mención de edición 2ª ed.
260 ## - PUBLICACIÓN, DISTRIBUCIÓN, ETC.
Lugar de publicación, distribución, etc. Madrid :
Nombre del editor, distribuidor, etc. Castillo,
Fecha de publicación, distribución, etc. 1963 (
Fabricante Castilla)
300 ## - DESCRIPCIÓN FÍSICA
Extensión VIII, 486 p. :
Otras características físicas il. ;
Dimensiones 24 cm +
Material acompañante/anejo 1 gráf. pleg.
650 07 - PUNTO DE ACCESO ADICIONAL DE MATERIA--TÉRMINO DE MATERIA
Término de materia o nombre geográfico como elemento de entrada Mecánica de fluidos
Fuente del encabezamiento o término embne
9 (RLIN) 14877
700 1# - ENTRADA AGREGADA--NOMBRE PERSONAL
Nombre de persona Seijas Domínguez, José.
9 (RLIN) 105261
700 1# - ENTRADA AGREGADA--NOMBRE PERSONAL
Nombre de persona Díaz de la Cruz Cuesta, F.
9 (RLIN) 44232
852 ## - LOCALIZACIÓN
Ubicación ES-MaACL
Número de control de estantería C-23585
Sublocalización o colección R.52411
Holdings
Estatus retirado Estado de pérdida Estado de daño No para préstamo Biblioteca de origen Biblioteca actual Ubicación en estantería Fecha de adquisición Fuente de adquisición Total de préstamos Signatura topográfica completa Código de barras Visto por última vez Precio de reemplazo Tipo de ítem Koha
        Biblioteca del Ateneo de Madrid Biblioteca del Ateneo de Madrid Depósito 2 17/01/2008     C-23585 1154932 23/02/2023 23/02/2023 Libro impreso